00351nam a2200121 a 4500008004100000020001500041050001500056100002000071245007700091260003300168300001900201350000900220080408s1995 ||||||||||||||||| || u a1557755167 aIMF(058)A5 aFolkerts, David10aInternational capital markets: developments prospects, and policy issues aWashington, D. C.bIMFc1995 ax, 202p. :ill. a0.00